000 00726nam a2200217Ia 4500
003 GCL
008 140319s9999 xx 000 0 ara d
040 _aGCL /
_cGCL
082 0 4 _aم
_b020
_bس ه
100 1 _aسعد محمد الهجرسى
245 1 0 _aهمسات ونداءات فى افاق القراءة والكتب والمكتبات /
_cسعد محمد الهجرسى
260 _a[S.N] :
_bالهيئة المصرية العامة للكتاب ،
_c1990
300 _a808 ص
490 _aالطريق الاسلامى لدفع المخاطر
_v0
650 0 4 _aالعلم
650 0 4 _aالمراجع
650 0 4 _aالبحوث
650 0 4 _aالكتب
650 0 4 _aالمكتبات
942 _2ddc
_cREF
999 _c59423
_d59423